000
00293nam a22001337a 4500
008
170220b xxu||||| |||| 00| 0 eng d
020
_a
9781416055181
041
_a
eng
080
_2
5TH
_a
615
100
_a
5
101
_a
SHF
245
_a
MEDICAL TERMINOLOGY
_c
CHABNER, D.E
942
_2
udc
_c
BK
999
_c
5844
_d
5844